000 00876nam a2200181 i 4500
001 167653
003 ES-MaACL
005 20250131235131.0
008 990505s1881 sp |||| | spa d
100 1 _aViñaza, Cipriano Muñoz y Manzano
_cConde de la.
_9133815
245 1 0 _aDiscurso leído por Cipriano Muñoz y Manzano en el Ateneo de Zaragoza en la sesión celebrada el día 27 de mayo de 1881 en honor del príncipe de nuestra dramática Don Pedro Calderón de la Barca, con motivo de su segundo centenario.
260 _aZaragoza :
_b[s.n.],
_c1881 (
_fImp. del Hospicio Provincial)
300 _a38 p. ;
_c29 cm.
600 1 4 _aCalderón de la Barca, Pedro-
_vAniversarios y centenarios
_933612
710 2 _aAteneo de Zaragoza.
_92034
852 _aES-MaACL
_jT-393-F-1
_z- Enc. hol.
_q- Falto de cub. original
_z- Enc. en un vol. facticio
999 _c167653
_d167653